| 000 | 01062cam a2200205 4500 | ||
|---|---|---|---|
| 001 | WB3930-02 | ||
| 008 | 030805n2003 000 0 eng u | ||
| 035 | _a(Sirsi) u123188 | ||
| 245 | _aOff-site design investigation | ||
| 260 | _c2003 | ||
| 490 |
_aInside Housing _v1 August 2003, 11(1) |
||
| 520 | _aThe Commission for Architecture and the Built Environment (CABE) has launched a design review to find out if the off-site manufacture of affordable housing developments results in best practice design. Oxford Brookes University and architects Hunt Thompson Associates will research the pre-design, design, construction and management of housing projects using modern construction methods and 13 schemes from the Challenge Fund will be reviewed. The findings should be published in September. CABE at www.cabe.org.uk. | ||
| 590 | _aWB | ||
| 650 | _aBUILT ENVIRONMENT-CONSTRUCTION DESIGN | ||
| 650 | _aHOUSING DESIGN | ||
| 650 |
_aAffordable housing _96215 |
||
| 650 | _aBEST PRACTICE | ||
| 690 | _aBUILT ENVIRONMENT-CONSTRUCTION DESIGN | ||
| 942 | _n0 | ||
| 999 |
_c73162 _d73162 |
||